000 00914nam a2200193Ia 4500
999 _c37762
_d37762
001 3738
003 GE_BSU
005 20190805163659.0
008 181216s1979||||ge |||||||||||||| ||geo||
040 _cGE_BSU
041 _ageo
080 _a016:091
245 _aქართულ ხელნაწერთა აღწერილობა :
_bსინური კოლექცია. ნაკვ.ll. /
_cშეადგინეს და დასაბეჭდად მოამზადეს ც. ჭანკიევმა, ლ. ჯღამაიამ ; რედ. ე. მეტრეველი.
264 _aთბილისი :
_bმეცნიერება,
_c1979
300 _a332 გვ. ;
_b26 სმ.
653 _aქართული ხელნაწერები
700 _aმეტრეველი, ე.
_eრედაქტორი
_91788
942 _cBK
_2udc